[Event "TCh-FRA Top 12 2014"]
[Site "Saint-Quentin FRA"]
[Date "2014.05.26"]
[Round "3.8"]
[White "Skripchenko, Almira"]
[Black "Benmesbah, Natacha"]
[Result "0-1"]
[WhiteTitle "IM"]
[BlackTitle "WIM"]
[WhiteElo "2442"]
[BlackElo "2187"]
[WhiteTeam "Clichy-Echecs-92"]
[BlackTeam "Les Tours de Haute Picardie"]
[WhiteFideId "13900145"]
[BlackFideId "642002"]
[EventDate "2014.05.24"]

1. e4 c5 2. Nf3 Nc6 3. Bb5 Nf6 4. Bxc6 bxc6 5. e5 Nd5 6. d3 g6 7. O-O Bg7 8.
Nbd2 O-O 9. Ne4 d6 10. exd6 exd6 11. Bg5 Qc7 12. c4 f5 13. Ng3 Nb6 14. Qd2 Nd7
15. d4 cxd4 16. Nxd4 Ne5 17. b3 Bd7 18. Rad1 Rae8 19. Nge2 c5 20. Nc2 Bc6 21.
Bf4 Qb7 22. f3 Bxf3 23. gxf3 Nxf3+ 24. Rxf3 Qxf3 25. Ng3 Be5 26. Rf1 Bxf4 27.
Qxf4 Qxf4 28. Rxf4 Re5 29. Rf2 Rfe8 30. Kf1 d5 31. cxd5 Rxd5 32. Na3 Kg7 33. Nc4
Kf6 34. Kg2 Re7 35. Nf1 Rd3 36. Ng3 h5 37. Nd2 Kg7 38. Nf3 Kh6 39. h4 Rde3 40.
Nd2 R7e6 41. Nc4 Rd3 42. Nd2 Rd4 43. Nf3 Rg4 44. Kh3 Re3 45. Nf1 Rc3 46. Nd2 Rc2
47. a4 c4 48. bxc4 Rgxc4 49. Re2 Rxa4 50. Re7 Rc3 51. Rd7 a5 52. Ra7 Ra2 53. Kg2
Rxf3 54. Kxf3 Rxd2 55. Rxa5 Rd4 56. Kg3 Rd3+ 57. Kg2 Kg7 58. Ra6 Re3 59. Rb6 Kf7
60. Ra6 Re6 61. Ra7+ Kf6 62. Kf3 Rd6 63. Ra5 Rd3+ 64. Kf4 Rd4+ 65. Kg3 Rg4+ 66.
Kh3 Ke6 67. Rb5 Rd4 68. Kg3 Rd3+ 69. Kf4 Rh3 70. Rb6+ Kf7 71. Rb7+ Kf6 72. Rb6+
Kg7 73. Rb7+ Kh6 74. Ke5 Rxh4 75. Kf6 Ra4 76. Rb6 Ra7 0-1

[Event "TCh-FRA Top 12 2014"]
[Site "Saint-Quentin FRA"]
[Date "2014.05.26"]
[Round "3.1"]
[White "Nataf, Igor-Alexandre"]
[Black "Wojtaszek, Radoslaw"]
[Result "0-1"]
[WhiteTitle "GM"]
[BlackTitle "GM"]
[WhiteElo "2541"]
[BlackElo "2724"]
[WhiteTeam "C.E. Strasbourg"]
[BlackTeam "Mulhouse Philidor"]
[WhiteFideId "605492"]
[BlackFideId "1118358"]
[EventDate "2014.05.24"]

1. a3 d5 2. Nf3 Nf6 3. g3 Bf5 4. Bg2 e6 5. O-O Be7 6. d3 h6 7. Nbd2 Bh7 8. b4 a5
9. b5 a4 10. c4 c6 11. bxc6 bxc6 12. Bb2 O-O 13. Qc2 Nbd7 14. Ne5 Qb6 15. Nxd7
Nxd7 16. Bc3 Qa6 17. Rfc1 Rab8 18. Qd1 Rfd8 19. Rcb1 Bg6 20. cxd5 cxd5 21. Bb4
Bf6 22. Ra2 Ne5 23. Nf3 Nc6 24. Bd2 Rxb1 25. Qxb1 Bh5 26. Be3 Rb8 27. Qc1 Bxf3
28. Bxf3 Rb3 29. Kg2 Ne5 30. Rc2 Nxf3 31. Kxf3 d4 32. Rc8+ Kh7 33. Bd2 Rc3 34.
Bxc3 Qxc8 35. Bd2 Qb7+ 36. e4 Qb3 37. Ke2 Be7 38. Qc7 Qxa3 39. Qa7 Bb4 40. Bxb4
Qxb4 41. Qxf7 Qb2+ 42. Kf3 Qb3 43. Kg2 a3 44. g4 Qxd3 45. Qxe6 Qb5 46. e5 Qb1
47. f4 Qb5 48. Kg1 0-1

[Event "TCh-FRA Top 12 2014"]
[Site "Saint-Quentin FRA"]
[Date "2014.05.26"]
[Round "3.2"]
[White "Navara, David"]
[Black "Rozentalis, Eduardas"]
[Result "1-0"]
[WhiteTitle "GM"]
[BlackTitle "GM"]
[WhiteElo "2708"]
[BlackElo "2618"]
[WhiteTeam "Mulhouse Philidor"]
[BlackTeam "C.E. Strasbourg"]
[WhiteFideId "309095"]
[BlackFideId "12800023"]
[EventDate "2014.05.24"]

1. d4 Nf6 2. c4 e6 3. Nf3 b6 4. g3 Bb7 5. Bg2 Be7 6. O-O O-O 7. Re1 c5 8. d5
exd5 9. Nh4 Ne4 10. cxd5 Bxh4 11. Bxe4 Bf6 12. Qc2 h6 13. Bf4 d6 14. Nc3 Bg5 15.
Bd2 Bxd2 16. Qxd2 Nd7 17. f4 a6 18. a4 b5 19. axb5 axb5 20. Rxa8 Bxa8 21. Nxb5
Qb6 22. Na3 c4+ 23. Kg2 Qc5 24. Bf3 Rb8 25. Rc1 Rb4 26. b3 Nb6 27. Nxc4 Bxd5 28.
Nxb6 Bxf3+ 29. exf3 Qxb6 30. Rc8+ Kh7 31. Rf8 d5 32. Qxd5 Rxb3 33. Qxf7 1-0

[Event "TCh-FRA Top 12 2014"]
[Site "Saint-Quentin FRA"]
[Date "2014.05.26"]
[Round "3.3"]
[White "Baklan, Vladimir"]
[Black "Sokolov, Andrei1"]
[Result "1/2-1/2"]
[WhiteTitle "GM"]
[BlackTitle "GM"]
[WhiteElo "2636"]
[BlackElo "2560"]
[WhiteTeam "C.E. Strasbourg"]
[BlackTeam "Mulhouse Philidor"]
[WhiteFideId "14102196"]
[BlackFideId "627089"]
[EventDate "2014.05.24"]

1. e4 c5 2. Nf3 e6 3. Nc3 Nc6 4. d4 cxd4 5. Nxd4 Qc7 6. g3 a6 7. Bg2 d6 8. O-O
Bd7 9. Nce2 Rc8 10. b3 b5 11. Nxc6 Bxc6 12. Nd4 Bb7 13. a4 bxa4 14. Rxa4 Nf6 15.
Rc4 Qd7 16. Rxc8+ Qxc8 17. Re1 Be7 18. Ba3 Qa8 19. f3 Nd7 20. Bh3 Qa7 21. Kg2
Qb6 22. Qd2 Ne5 23. Qb4 Qxb4 24. Bxb4 Kd7 25. Kf2 Rc8 26. Rd1 Nc6 27. Nxc6 Rxc6
28. Rd2 Bf6 29. Ke3 Bc3 30. Bxc3 1/2-1/2

[Event "TCh-FRA Top 12 2014"]
[Site "Saint-Quentin FRA"]
[Date "2014.05.26"]
[Round "3.4"]
[White "Gajewski, Grzegorz"]
[Black "Sanikidze, Tornike"]
[Result "1-0"]
[WhiteTitle "GM"]
[BlackTitle "GM"]
[WhiteElo "2641"]
[BlackElo "2514"]
[WhiteTeam "Mulhouse Philidor"]
[BlackTeam "C.E. Strasbourg"]
[WhiteFideId "1116207"]
[BlackFideId "13602608"]
[EventDate "2014.05.24"]

1. d4 d5 2. Nf3 Nf6 3. c4 e6 4. Nc3 Be7 5. Bf4 c5 6. dxc5 Bxc5 7. e3 Nc6 8. Qc2
O-O 9. Rd1 Qa5 10. a3 Be7 11. Be2 Ne4 12. cxd5 Nxc3 13. bxc3 exd5 14. O-O Be6
15. Bd3 h6 16. a4 Rfc8 17. Rb1 Bf6 18. Rfc1 d4 19. exd4 Nxd4 20. Nxd4 Bxd4 21.
c4 Qa6 22. Qe2 Rd8 23. Be4 Qxa4 24. Bxb7 Bf5 25. Bxa8 Bxb1 26. Bd5 Bg6 27. Qd1
Qxd1+ 28. Rxd1 Bf6 29. f3 Rc8 30. Bd6 Bc2 31. Rd2 Bb3 32. c5 Bxd5 33. Rxd5 a5
34. Rd2 Bc3 35. Rc2 Bd4+ 36. Kf1 Rc6 37. Ke2 f5 38. Kd3 Bf6 39. Kc4 Rc8 40. Ra2
Bd8 41. Kd5 Kf7 42. Rb2 1-0

[Event "TCh-FRA Top 12 2014"]
[Site "Saint-Quentin FRA"]
[Date "2014.05.26"]
[Round "3.5"]
[White "Vaisser, Anatoly"]
[Black "Degraeve, Jean-Marc"]
[Result "1/2-1/2"]
[WhiteTitle "GM"]
[BlackTitle "GM"]
[WhiteElo "2531"]
[BlackElo "2576"]
[WhiteTeam "C.E. Strasbourg"]
[BlackTeam "Mulhouse Philidor"]
[WhiteFideId "603252"]
[BlackFideId "600270"]
[EventDate "2014.05.24"]

1. d4 d6 2. e4 Nf6 3. f3 e5 4. dxe5 dxe5 5. Qxd8+ Kxd8 6. Bc4 Ke8 7. Ne2 Nbd7 8.
Bg5 h6 9. Bh4 Be7 10. Nc1 Nc5 11. Bg3 Bd6 12. Nd2 Ke7 13. b4 Ncd7 14. c3 a5 15.
b5 Nc5 16. a4 Nfd7 17. Ncb3 f6 18. Bf2 Nxb3 19. Nxb3 Nb6 20. Bxb6 cxb6 21. O-O-O
Be6 22. Bxe6 Kxe6 23. Rd3 h5 24. Rhd1 Rhd8 25. Kc2 Rac8 26. Nd2 Bc5 27. Nc4 Rxd3
28. Rxd3 h4 29. Kb3 h3 30. g4 Bg1 31. Rd1 Bc5 32. Nb2 Be3 33. Nc4 Bc5 34. Rd3
Bg1 35. Rd1 Bc5 36. Rf1 Rd8 37. Kc2 g5 38. Re1 Bf2 39. Re2 Bc5 40. Nb2 Rc8 41.
Nd1 Rd8 42. Nb2 Rc8 43. Nc4 Bg1 44. Ne3 Bxe3 45. Rxe3 Rd8 46. Re1 Rd7 47. Rg1
Rd8 48. Rg3 Rh8 49. Kb3 Rh7 50. Kc2 Rh8 51. Kd3 Kd6 52. Kc4 Ke6 1/2-1/2

[Event "TCh-FRA Top 12 2014"]
[Site "Saint-Quentin FRA"]
[Date "2014.05.26"]
[Round "3.6"]
[White "Riff, Jean-Noel"]
[Black "Heinz, Timothee"]
[Result "1-0"]
[WhiteTitle "IM"]
[BlackTitle "FM"]
[WhiteElo "2458"]
[BlackElo "2322"]
[WhiteTeam "Mulhouse Philidor"]
[BlackTeam "C.E. Strasbourg"]
[WhiteFideId "611190"]
[BlackFideId "623369"]
[EventDate "2014.05.24"]

1. e4 e5 2. Nf3 Nf6 3. Nxe5 d6 4. Nf3 Nxe4 5. Nc3 Nxc3 6. dxc3 Be7 7. Be3 Nc6 8.
Qd2 Be6 9. O-O-O Qd7 10. Kb1 Bf6 11. h4 h6 12. Nd4 Bxd4 13. Bxd4 Rg8 14. Bb5 a6
15. Ba4 b5 16. Bb3 Na5 17. Bxe6 fxe6 18. b3 Nc6 19. Rhe1 O-O-O 20. Qe2 Rgf8 21.
f3 Nxd4 22. Rxd4 c5 23. Rg4 Rf6 24. c4 Qb7 25. cxb5 axb5 26. a4 b4 27. Qc4 Re8
28. Qd3 d5 29. Qh7 Rf7 30. Qg6 Qe7 31. Qd3 Qb7 32. Rg6 Kd7 33. f4 Ree7 34. g3
Rf8 35. Qe3 Qc6 36. Qe5 Qd6 37. Rxg7 Qxe5 38. Rxe7+ Kxe7 39. Rxe5 Rg8 40. f5 Kf6
41. Rxe6+ Kxf5 42. Rxh6 Rxg3 43. Rc6 Ke5 44. Rxc5 Kd4 45. Rb5 Kc3 46. Rxd5 Rg1+
47. Ka2 Kxc2 48. Rg5 Rh1 49. Rg4 Rh2 50. Rxb4 1-0

[Event "TCh-FRA Top 12 2014"]
[Site "Saint-Quentin FRA"]
[Date "2014.05.26"]
[Round "3.7"]
[White "Roos, Louis"]
[Black "Ider, Borya"]
[Result "0-1"]
[WhiteTitle "IM"]
[BlackTitle "FM"]
[WhiteElo "2351"]
[BlackElo "2392"]
[WhiteTeam "C.E. Strasbourg"]
[BlackTeam "Mulhouse Philidor"]
[WhiteFideId "600288"]
[BlackFideId "4901134"]
[EventDate "2014.05.24"]

1. Nf3 Nf6 2. d4 e6 3. Bg5 c5 4. e3 Qb6 5. Qc1 d5 6. c3 Bd7 7. Nbd2 Nc6 8. Be2
h6 9. Bf4 cxd4 10. exd4 Rc8 11. O-O g5 12. Be5 Nxe5 13. Nxe5 Bd6 14. Re1 Bb5 15.
Bxb5+ Qxb5 16. c4 Qb6 17. c5 Qb4 18. Nef3 Bf4 19. a3 0-1

[Event "TCh-FRA Top 12 2014"]
[Site "Saint-Quentin FRA"]
[Date "2014.05.26"]
[Round "3.8"]
[White "Haussernot, Cecile"]
[Black "Nicoara, Malina"]
[Result "1-0"]
[WhiteTitle "WFM"]
[BlackTitle "WIM"]
[WhiteElo "2006"]
[BlackElo "2108"]
[WhiteTeam "Mulhouse Philidor"]
[BlackTeam "C.E. Strasbourg"]
[WhiteFideId "601632"]
[BlackFideId "604631"]
[EventDate "2014.05.24"]

1. e4 Nf6 2. e5 Nd5 3. d4 d6 4. c4 Nb6 5. exd6 cxd6 6. Nc3 g6 7. Be3 Bg7 8. Rc1
O-O 9. b3 Bf5 10. h3 e5 11. d5 Na6 12. Nf3 Bd7 13. Ne4 Nc8 14. c5 Nxc5 15. Nxc5
dxc5 16. Bxc5 Re8 17. Be2 e4 18. Nd4 Qg5 19. g3 b6 20. Ba3 e3 21. Nf3 exf2+ 22.
Kxf2 Qe3+ 23. Kf1 Ne7 24. Kg2 Nxd5 25. Bc4 Nf6 26. Re1 Qh6 27. g4 b5 28. Bxf7+
Kxf7 29. Ne5+ Rxe5 30. Rxe5 Bf8 31. Bb2 Rd8 32. Rc7 Kg8 33. Qf3 Qd2+ 34. Re2 Qd5
35. Bxf6 1-0

[Event "TCh-FRA Top 12 2014"]
[Site "Saint-Quentin FRA"]
[Date "2014.05.26"]
[Round "3.1"]
[White "Swiercz, Dariusz"]
[Black "Ragger, Markus"]
[Result "1/2-1/2"]
[WhiteTitle "GM"]
[BlackTitle "GM"]
[WhiteElo "2608"]
[BlackElo "2632"]
[WhiteTeam "C.E. de Rueil Malmaison"]
[BlackTeam "Bischwiller"]
[WhiteFideId "1126881"]
[BlackFideId "1610856"]
[EventDate "2014.05.24"]

1. e4 e5 2. Nf3 Nc6 3. d4 exd4 4. Nxd4 Nf6 5. Nxc6 bxc6 6. Qe2 a5 7. e5 Nd5 8.
c4 Bb4+ 9. Nd2 Nf4 10. Qe3 Ne6 11. Bd3 d5 12. exd6 cxd6 13. O-O d5 14. Nf3 O-O
15. Ne5 Qd6 16. Qg3 Nc5 17. Bf4 Qf6 18. cxd5 cxd5 19. a3 Nxd3 20. Nxd3 Be7 21.
Rfe1 Be6 22. Be5 Qg5 23. Nf4 Qxg3 24. hxg3 Bg5 25. b4 Bxf4 26. gxf4 Bd7 27. Rad1
axb4 28. axb4 Bc6 29. Rc1 Rfc8 30. Rc5 Bb7 31. Rb5 Bc6 32. Rb6 f6 33. Bd6 Ba4
34. Bc5 Rab8 35. Ra6 Bb5 36. Ra7 Re8 37. Re3 Rxe3 38. fxe3 h5 39. Kf2 Kh7 40.
Kg3 Kg6 41. Kh3 Bd3 42. g4 hxg4+ 43. Kxg4 Be2+ 44. Kg3 Kh6 45. Rd7 Bc4 46. Kf2
Kg6 47. Ke1 Ra8 48. Ba7 Kh6 49. Bd4 Rb8 50. Bc3 Rb6 51. Kf2 Rb5 52. Kg3 Kg6 53.
Rc7 Bd3 54. Kf2 Rb6 55. Rc5 Rb5 56. Rc7 Rb6 57. Rc5 Rb5 58. Rc7 1/2-1/2

[Event "TCh-FRA Top 12 2014"]
[Site "Saint-Quentin FRA"]
[Date "2014.05.26"]
[Round "3.2"]
[White "Edouard, Romain"]
[Black "Baron, Tal"]
[Result "1/2-1/2"]
[WhiteTitle "GM"]
[BlackTitle "GM"]
[WhiteElo "2692"]
[BlackElo "2515"]
[WhiteTeam "Bischwiller"]
[BlackTeam "C.E. de Rueil Malmaison"]
[WhiteFideId "633429"]
[BlackFideId "2809958"]
[EventDate "2014.05.24"]

1. e4 e5 2. Nf3 Nc6 3. Bb5 a6 4. Ba4 Nf6 5. O-O Be7 6. d3 b5 7. Bb3 d6 8. a3 O-O
9. Nc3 Bg4 10. Be3 Nd4 11. Bxd4 exd4 12. Nd5 c5 13. h3 Be6 14. Nf4 Bxb3 15. cxb3
Re8 16. Nh2 d5 17. e5 Nd7 18. e6 fxe6 19. Nxe6 Qc8 20. b4 c4 21. Nxd4 Ne5 22.
dxc4 dxc4 23. Ndf3 Nd3 24. b3 Bf6 25. Rb1 h5 26. bxc4 bxc4 27. Ne1 Nf4 1/2-1/2

[Event "TCh-FRA Top 12 2014"]
[Site "Saint-Quentin FRA"]
[Date "2014.05.26"]
[Round "3.3"]
[White "Renet, Olivier"]
[Black "Schlosser, Philipp"]
[Result "1/2-1/2"]
[WhiteTitle "GM"]
[BlackTitle "GM"]
[WhiteElo "2480"]
[BlackElo "2586"]
[WhiteTeam "C.E. de Rueil Malmaison"]
[BlackTeam "Bischwiller"]
[WhiteFideId "600040"]
[BlackFideId "4600169"]
[EventDate "2014.05.24"]

1. e4 c5 2. Nf3 e6 3. d4 cxd4 4. Nxd4 Nc6 5. Nc3 a6 6. Nxc6 bxc6 7. Bd3 d5 8.
O-O Nf6 9. Qf3 Be7 10. Bf4 O-O 11. h3 a5 12. Rfd1 a4 13. b3 axb3 14. axb3 Bb7
15. Na4 c5 16. exd5 exd5 1/2-1/2

[Event "TCh-FRA Top 12 2014"]
[Site "Saint-Quentin FRA"]
[Date "2014.05.26"]
[Round "3.4"]
[White "Le Roux, Jean-Pierre"]
[Black "Loiseau, Quentin"]
[Result "1-0"]
[WhiteTitle "GM"]
[BlackTitle "IM"]
[WhiteElo "2546"]
[BlackElo "2365"]
[WhiteTeam "Bischwiller"]
[BlackTeam "C.E. de Rueil Malmaison"]
[WhiteFideId "609404"]
[BlackFideId "665274"]
[EventDate "2014.05.24"]

1. e4 e5 2. Nf3 Nc6 3. d4 exd4 4. Nxd4 Qf6 5. Nb3 Qg6 6. f3 Nf6 7. Nc3 Bb4 8. a3
Bxc3+ 9. bxc3 O-O 10. Kf2 Ne5 11. Be2 d5 12. exd5 Bf5 13. Qd4 Rfe8 14. Bf4 Rad8
15. c4 Nc6 16. Qd2 Bxc2 17. Nc5 b6 18. Nb7 Nd4 19. Rae1 Nb3 20. Qc3 Qf5 21. g3
g5 22. Nxd8 gxf4 23. g4 Qg6 24. Bd1 Bxd1 25. Rxe8+ Nxe8 26. Rxd1 Nc5 27. Nc6 Qg5
28. Re1 Nf6 29. Ne7+ Kf8 30. Nf5 h5 31. h3 a5 32. Kf1 hxg4 33. hxg4 Kg8 34. Qe5 1-0

[Event "TCh-FRA Top 12 2014"]
[Site "Saint-Quentin FRA"]
[Date "2014.05.26"]
[Round "3.5"]
[White "Williams, Simon K"]
[Black "Marcelin, Cyril"]
[Result "1-0"]
[WhiteTitle "GM"]
[BlackTitle "GM"]
[WhiteElo "2465"]
[BlackElo "2490"]
[WhiteTeam "C.E. de Rueil Malmaison"]
[BlackTeam "Bischwiller"]
[WhiteFideId "404454"]
[BlackFideId "607274"]
[EventDate "2014.05.24"]

1. d4 Nf6 2. c4 c5 3. d5 e5 4. Nc3 d6 5. e4 Nbd7 6. Nf3 Be7 7. Be2 O-O 8. O-O
Ne8 9. Rb1 g6 10. Bh6 Ng7 11. Qd2 Kh8 12. Ne1 f5 13. exf5 gxf5 14. f4 Rf6 15.
Bg5 Rg6 16. Nf3 a6 17. Bd3 e4 18. Nxe4 fxe4 19. Bxe4 Rf6 20. Bc2 h6 21. Bxf6
Bxf6 22. Ne5 dxe5 23. fxe5 Bg5 24. Qd3 Qg8 25. e6 Nf6 26. h4 Bxh4 27. Qh3 Bxe6
28. Qxh4 Ng4 29. Rf6 Nxf6 30. Qxf6 1-0

[Event "TCh-FRA Top 12 2014"]
[Site "Saint-Quentin FRA"]
[Date "2014.05.26"]
[Round "3.6"]
[White "Buhmann, Rainer"]
[Black "Dubessay, Bastien"]
[Result "1/2-1/2"]
[WhiteTitle "GM"]
[BlackTitle "FM"]
[WhiteElo "2579"]
[BlackElo "2352"]
[WhiteTeam "Bischwiller"]
[BlackTeam "C.E. de Rueil Malmaison"]
[WhiteFideId "4651340"]
[BlackFideId "650048"]
[EventDate "2014.05.24"]

1. Nf3 c5 2. c4 Nc6 3. g3 g6 4. Bg2 Bg7 5. O-O e6 6. e3 Nge7 7. d4 cxd4 8. Nxd4
d5 9. cxd5 Nxd4 10. exd4 Nxd5 11. Nc3 O-O 12. Qb3 Bxd4 13. Nxd5 exd5 14. Bh6 Re8
15. Rad1 Bb6 16. Bxd5 Qf6 17. Qf3 Qxf3 18. Bxf3 Bh3 19. Rfe1 Ba5 20. Bxb7 Rxe1+
21. Rxe1 Rb8 22. Re2 Bg4 23. f3 Be6 24. Bc6 Bxa2 25. Kg2 Bc4 26. Re8+ Rxe8 27.
Bxe8 Bb6 1/2-1/2

[Event "TCh-FRA Top 12 2014"]
[Site "Saint-Quentin FRA"]
[Date "2014.05.26"]
[Round "3.7"]
[White "Debray, Christopher"]
[Black "Netzer, Jean"]
[Result "0-1"]
[WhiteTitle "IM"]
[BlackTitle "IM"]
[WhiteElo "2351"]
[BlackElo "2402"]
[WhiteTeam "C.E. de Rueil Malmaison"]
[BlackTeam "Bischwiller"]
[WhiteFideId "630810"]
[BlackFideId "623350"]
[EventDate "2014.05.24"]

1. e4 c5 2. Nf3 e6 3. d4 cxd4 4. Nxd4 Qc7 5. Nc3 a6 6. g3 Nc6 7. Bg2 d6 8. O-O
Bd7 9. Re1 Be7 10. Nxc6 Bxc6 11. Qg4 h5 12. Qe2 h4 13. g4 h3 14. Bf1 Nf6 15. g5
Nd7 16. Qg4 Ne5 17. Qg3 O-O-O 18. f4 Ng6 19. Bxh3 Kb8 20. Bg2 d5 21. exd5 exd5
22. Ne2 d4 23. Bxc6 Qxc6 24. Qg2 Qxc2 25. Ng3 Qc7 26. Bd2 Bd6 27. Rac1 Qd7 28.
f5 Ne5 29. Ba5 Rde8 30. Ne4 Rxh2 31. Qg3 Qxf5 32. Nxd6 Nf3+ 33. Qxf3 Rxe1+ 34.
Rxe1 Qxf3 35. Re8+ Ka7 36. Nc8+ Kb8 37. Nb6+ Kc7 38. Nc4+ Kd7 39. Rd8+ Ke7 40.
Kxh2 Qe2+ 0-1

[Event "TCh-FRA Top 12 2014"]
[Site "Saint-Quentin FRA"]
[Date "2014.05.26"]
[Round "3.8"]
[White "Maisuradze, Nino"]
[Black "Congiu, Mathilde"]
[Result "1-0"]
[WhiteTitle "WGM"]
[BlackTitle "WIM"]
[WhiteElo "2258"]
[BlackElo "2279"]
[WhiteTeam "Bischwiller"]
[BlackTeam "C.E. de Rueil Malmaison"]
[WhiteFideId "13601717"]
[BlackFideId "634581"]
[EventDate "2014.05.24"]

1. d4 g6 2. Nf3 Bg7 3. c4 c5 4. d5 d6 5. e4 e6 6. Bd3 Ne7 7. O-O O-O 8. Nc3 h6
9. Re1 e5 10. a3 f5 11. h3 Nd7 12. Rb1 Nf6 13. b4 b6 14. a4 cxb4 15. Rxb4 Nd7
16. Rb1 Nc5 17. Ba3 Kh8 18. a5 Ng8 19. Bc2 Nf6 20. Nh4 Nfxe4 21. Nxg6+ Kg8 22.
Nxe4 Nxe4 23. Bxe4 Rf6 24. Nxe5 dxe5 25. Bf3 e4 26. Bh5 Ba6 27. Bb2 Bxc4 28.
Bxf6 Qxf6 29. Be2 b5 30. Bxc4 bxc4 31. d6 Rd8 32. Qd5+ Kh7 33. Qxc4 Rxd6 34. Rb7
Qg5 35. Re3 Rg6 36. Rg3 Qf6 37. Rxg6 Kxg6 38. Rxa7 Qa1+ 39. Kh2 Be5+ 40. g3 Qb2
41. Qf7+ Kg5 42. h4+ Kg4 43. Kg2 1-0

[Event "TCh-FRA Top 12 2014"]
[Site "Saint-Quentin FRA"]
[Date "2014.05.27"]
[Round "4.1"]
[White "Gharamian, Tigran"]
[Black "Edouard, Romain"]
[Result "1/2-1/2"]
[WhiteTitle "GM"]
[BlackTitle "GM"]
[WhiteElo "2655"]
[BlackElo "2692"]
[WhiteTeam "Evry Grand Roque"]
[BlackTeam "Bischwiller"]
[WhiteFideId "13301527"]
[BlackFideId "633429"]
[EventDate "2014.05.24"]

1. e4 e6 2. d4 d5 3. Nc3 Nf6 4. e5 Nfd7 5. Nce2 c5 6. c3 Nc6 7. Nf3 Qb6 8. g3
cxd4 9. cxd4 f6 10. exf6 Nxf6 11. Bg2 Bb4+ 12. Bd2 Bxd2+ 13. Qxd2 Ne4 14. Qc1
Qb5 15. Nc3 Qd3 16. Nxe4 Qxe4+ 17. Qe3 Nb4 18. O-O Nc2 19. Qb3 Nxa1 20. Qb5+ Bd7
21. Qxb7 Rd8 22. Ne5 Qxd4 23. Nxd7 Nc2 24. Qc6 Rxd7 25. Qc8+ Rd8 26. Qxe6+ Kf8
27. Qf5+ Qf6 28. Qxc2 d4 29. Rd1 g6 30. Qc7 Qe7 31. Qf4+ Kg7 32. Rxd4 Rhf8 33.
Qd2 Qf6 34. Rd7+ Kh8 35. Rxd8 Rxd8 36. Qe2 a5 37. Bf3 a4 38. Kg2 Rb8 39. Qc4 Rf8
40. Qe4 Qf5 1/2-1/2

[Event "TCh-FRA Top 12 2014"]
[Site "Saint-Quentin FRA"]
[Date "2014.05.27"]
[Round "4.2"]
[White "Volokitin, Andrei"]
[Black "Istratescu, Andrei"]
[Result "1/2-1/2"]
[WhiteTitle "GM"]
[BlackTitle "GM"]
[WhiteElo "2638"]
[BlackElo "2667"]
[WhiteTeam "Bischwiller"]
[BlackTeam "Evry Grand Roque"]
[WhiteFideId "14107090"]
[BlackFideId "1200372"]
[EventDate "2014.05.24"]

1. e4 e5 2. Nf3 Nc6 3. Bb5 a6 4. Ba4 Nf6 5. O-O Be7 6. Re1 b5 7. Bb3 d6 8. c3
O-O 9. h3 Nb8 10. d4 Nbd7 11. Nbd2 Bb7 12. Bc2 Re8 13. a4 Bf8 14. Bd3 c6 15. Qc2
Qc7 16. b3 Rad8 17. Ba3 g6 18. Bf1 Bg7 19. Rab1 Ba8 20. dxe5 Nxe5 21. Nxe5 Rxe5
22. c4 bxa4 23. c5 axb3 24. Nxb3 1/2-1/2

[Event "TCh-FRA Top 12 2014"]
[Site "Saint-Quentin FRA"]
[Date "2014.05.27"]
[Round "4.3"]
[White "Sochacki, Christophe"]
[Black "Buhmann, Rainer"]
[Result "0-1"]
[WhiteTitle "IM"]
[BlackTitle "GM"]
[WhiteElo "2449"]
[BlackElo "2579"]
[WhiteTeam "Evry Grand Roque"]
[BlackTeam "Bischwiller"]
[WhiteFideId "662569"]
[BlackFideId "4651340"]
[EventDate "2014.05.24"]

1. e4 e6 2. d4 d5 3. Nc3 Nf6 4. e5 Nfd7 5. f4 c5 6. Nf3 a6 7. Be3 Qb6 8. Na4
Qa5+ 9. c3 cxd4 10. b4 Qc7 11. Qxd4 Nc6 12. Qd2 Be7 13. Bd3 b5 14. Nb2 a5 15.
Bxb5 axb4 16. Nd3 Na5 17. Kf2 Nc4 18. Bxc4 bxc3 19. Qxc3 Ra3 20. Qd4 dxc4 21.
Rhc1 Ba6 22. Nd2 Ra4 23. Rc3 O-O 24. Nb2 Bc5 25. Qe4 Rb4 26. Nd3 Bb7 27. Nxc5
Bxe4 28. Na6 Qb7 29. Nxb4 Qxb4 30. Rxc4 Qb2 31. Rac1 Nb6 32. Rc7 Nd5 33. Rc8
Nxe3 34. Kxe3 Qb6+ 35. R8c5 Bd5 36. Ke2 Qa6+ 37. Ke3 Qxa2 38. g4 Qa7 39. Ke2 Qa4
40. Ke3 g5 41. fxg5 Qxg4 42. R5c3 Qxg5+ 43. Ke2 Qxe5+ 0-1

[Event "TCh-FRA Top 12 2014"]
[Site "Saint-Quentin FRA"]
[Date "2014.05.27"]
[Round "4.4"]
[White "Ragger, Markus"]
[Black "Moussard, Jules"]
[Result "1-0"]
[WhiteTitle "GM"]
[BlackTitle "IM"]
[WhiteElo "2632"]
[BlackElo "2440"]
[WhiteTeam "Bischwiller"]
[BlackTeam "Evry Grand Roque"]
[WhiteFideId "1610856"]
[BlackFideId "642908"]
[EventDate "2014.05.24"]

1. d4 Nf6 2. c4 b6 3. Nc3 Bb7 4. Qc2 d5 5. cxd5 Nxd5 6. Nf3 e6 7. e4 Nxc3 8.
bxc3 Be7 9. Bb5+ c6 10. Bd3 Nd7 11. O-O O-O 12. Bf4 g6 13. Rad1 b5 14. Qd2 Qa5
15. Bh6 Rfd8 16. Ng5 e5 17. Qc2 Qa3 18. f4 exd4 19. e5 Qxc3 20. Qe2 Nc5 21. Nxf7
Kxf7 22. f5 Ke8 23. e6 Rd5 24. f6 Bf8 25. e7 Bxh6 26. f7+ Kd7 27. e8=Q+ Kc7 28.
Q8e7+ Nd7 29. Qh4 Be3+ 30. Kh1 Qc5 31. Be4 Rg5 32. Rf3 Rf8 33. Rxe3 dxe3 34.
Qf4+ Re5 35. Qb2 e2 36. Qxe2 g5 37. Qff3 Qe7 38. Qg3 Rxf7 39. Qd2 Rf4 40. Bf3 b4
41. h3 a5 42. Qgf2 Nc5 43. Qc2 Ne4 44. Qa7 Ng3+ 45. Kh2 Rxf3 46. Qc4 Rff5 47.
Qcd4 Rd5 48. Re1 Ne4 49. Qab6+ Kb8 50. Qa7+ Kc7 51. Qab6+ Kc8 52. Qxe4 Rfe5 53.
Qg4+ Kb8 54. Qg3 Kc8 55. Qg4+ Kb8 56. Qg3 Kc8 57. Rf1 Rb5 58. Qa7 h5 59. h4 g4
60. Qd4 a4 61. Qdf4 Ba6 62. Qc4 Qd6 63. Qf7 Bb7 64. Rf6 Qd4 65. Re6 Rxe6 66.
Qfc7# 1-0

[Event "TCh-FRA Top 12 2014"]
[Site "Saint-Quentin FRA"]
[Date "2014.05.27"]
[Round "4.5"]
[White "Relange, Eloi"]
[Black "Le Roux, Jean-Pierre"]
[Result "1-0"]
[WhiteTitle "GM"]
[BlackTitle "GM"]
[WhiteElo "2466"]
[BlackElo "2546"]
[WhiteTeam "Evry Grand Roque"]
[BlackTeam "Bischwiller"]
[WhiteFideId "600822"]
[BlackFideId "609404"]
[EventDate "2014.05.24"]

1. d4 Nf6 2. c4 g6 3. Nc3 d5 4. Nf3 Bg7 5. h4 c6 6. cxd5 cxd5 7. Bf4 Nc6 8. e3
Bg4 9. Qb3 Na5 10. Qa4+ Bd7 11. Bb5 O-O 12. Bxd7 Nxd7 13. Nxd5 e5 14. dxe5 Nc5
15. Qd1 Nc4 16. Bg5 Qd7 17. O-O Nxb2 18. Qd4 Nba4 19. Be7 b6 20. Rac1 Qe6 21.
Bxf8 Rxf8 22. Rfd1 Kh8 23. h5 gxh5 24. Nf6 Qf5 25. Qh4 Nb2 26. Rd5 Nbd3 27. Rd1
Nb2 28. R1d4 Ne6 29. Rd2 Qb1+ 30. Kh2 Qc1 31. Qe4 Bxf6 32. exf6 Qc7+ 33. g3 Qc4
34. Nd4 Nc5 35. Qe7 Rg8 36. Rd8 1-0